| 000 -ლიდერი |
| ფიქსირებული სიგრძის საკონტროლო ველი |
01295nam a2200265Ia 4500 |
| 001 - საკონტროლო ნომერი |
| საკონტროლო ველი |
23169 |
| 003 - საკონტროლო ნომრის იდენტიფიკატორი |
| საკონტროლო ველი |
GE_BSU |
| 005 - ბოლო ოპერაციის თარიღი და დრო |
| საკონტროლო ველი |
20230716141346.0 |
| 008 - ფიქსირებული სიგრძის მონაცემთა ელემენტები - ზოგადი ინფორმაცია |
| ფიქსირებული სიგრძის საკონტროლო ველი |
181216s1984||||ge |||||||||||||| ||geo|| |
| 040 ## - კატალოგიზაციის წყარო |
| Transcribing agency |
GE_BSU |
| 041 ## - ენის კოდი |
| Language code of text/sound track or separate title |
geo |
| 080 ## - უნივერსალური ათობითი კლასიფიკაციის ინდექსი |
| Universal Decimal Classification number |
821.133.1-32 + 821.133.1-22 მ-57 |
| 100 ## - მთავარი ჩანაწერი - პიროვნების სახელი |
| Personal name |
მერიმე, პროსპერ |
| 9 (RLIN) |
16011 |
| 245 ## - ცნობა სათაურის შესახებ |
| Title |
ნოველები და კომედიები / |
| Statement of responsibility, etc |
პროსპერ მერიმე ; მთარგმნ. : ქ. ქიქოძე, გ. ქიქოძე, არ. ცაგარელი ; რედ. ვ. ცოტნიაშვილი. |
| 264 ## - წარმოების, გამოცემის, დისტრიბუციის და სხვა ცნობები |
| გამოცემის, წარმოების, დისტრიბუციის... ადგილი |
თბილისი : |
| გამოცემის, წარმოების, დისტრიბუციის... სახელწოდება |
ნაკადული, |
| გამოცემის, წარმოების, დისტრიბუციის... თარიღი |
1984. |
| 300 ## - ფიზიკური აღწერა |
| Extent |
224 გვ. ; |
| Dimensions |
19 სმ. |
| 490 ## - სერიის ცნობა |
| Series statement |
კლასიკოსები და თანამედროვენი |
| 653 ## - INDEX TERM--UNCONTROLLED |
| Uncontrolled term |
ნოველები და კომედიები |
| 700 ## - ADDED ENTRY--PERSONAL NAME |
| Personal name |
ქიქოძე, ქ. |
| Relator term |
მთარგმნელი |
| 9 (RLIN) |
19353 |
| 700 ## - ADDED ENTRY--PERSONAL NAME |
| Personal name |
ქიქოძე, გ. |
| Relator term |
მთარგმნელი |
| 9 (RLIN) |
19354 |
| 700 ## - ADDED ENTRY--PERSONAL NAME |
| Personal name |
ცაგარელი, არ. |
| Relator term |
მთარგმნელი |
| 9 (RLIN) |
19355 |
| 700 ## - ADDED ENTRY--PERSONAL NAME |
| Personal name |
ცოტნიაშვილი, ვ. |
| Relator term |
რედაქტორი |
| 9 (RLIN) |
19356 |
| 942 ## - ADDED ENTRY ELEMENTS (KOHA) |
| Koha item type |
წიგნი |
| Source of classification or shelving scheme |
|